| 000 | 00733nam a2200181Ii 4500 | ||
|---|---|---|---|
| 003 | JO-AjNU | ||
| 008 | 230606s9999||||xx |||||||||||||| ||und|| | ||
| 040 |
_aJO-AjNU _beng _erda _cJO-AjNU |
||
| 041 | _aeng | ||
| 050 | 1 | 4 | _aQ179.9 2006 |
| 100 | 3 |
_aسوريا: وزارة التعليم العالي, _eauthor _95033 |
|
| 245 | 0 | 4 | _athe 4th conference on Scientific Research Outlook & Technology Development in the Arab World Dec. 11-14, 2006 - Umayyad palace , Damascus syrian Arab Republic: Book OF Extended Abstracts, part 11 |
| 264 | 3 | 1 | _aسوريا: وزارة التعليم العالي، 2006 |
| 300 | _a701p | ||
| 336 |
_atext _btxt _2rdacontent |
||
| 337 |
_aunmediated _bn _2rdamedia |
||
| 338 |
_avolume _bnc _2rdacarrier |
||
| 999 |
_aE2603 _c2601 _d2601 |
||